Szczegóły MARC
| 000 -Nagłówek |
| fixed length control field |
02710cam a2200577 i 4500 |
| 001 - Nr kontrolny bibl., która utworzyła rek. |
| control field |
xx004846920 |
| 003 - Siglum bibl., której nr kontr. jest w 001 |
| control field |
NUKAT |
| 005 - Data i czas ostatniej operacji |
| control field |
20260428131543.0 |
| 008 - Elementy pola stałej długości |
| fixed length control field |
200422s2020 pl a |001 0dpol c |
| 020 ## - ISBN |
| ISBN |
9788380988293 |
| dopowiedzenie |
(oprawa twarda) : |
| warunki dostępności |
zł 50,00 |
| 035 ## - Systemowy numer kontrolny |
| systemowy numer kontrolny |
(OCoLC)1153322684 |
| 035 ## - Systemowy numer kontrolny |
| systemowy numer kontrolny |
(NUKAT)xx004846920 |
| 040 ## - Instytucja sporządzająca opis |
| Instytucja, która sporządziła opis |
KAT U/AM |
| język katalgowania-trzyzn. kod |
pol |
| zasady opisu |
rda |
| Instytucja, która sporządziła rekord |
KAT U/AMs |
| Instytucja, która zmodyfikowała rekord |
KAT U/AM |
| -- |
OLSZT 008/bak |
| 041 1# - Kod nazwy języka dokumentu |
| Język tekstu |
pol |
| Language code of original |
eng |
| 045 2# - Okres czasu dla zawartości |
| czas między r. 9999 pne a nasz. czas. |
d1940 |
| -- |
d1952 |
| 046 ## - Kod rodz. daty, data1, data2 (daty pne) |
| Begin/single date |
2020 |
| Single or starting date for aggregated content |
1951 |
| Ending date for aggregated content |
1952 |
| 245 00 - Tytuł właściwy i oznaczenie odpow. |
| tytuł |
Mord w Lesie Katyńskim : |
| dodatek do tytułu |
przesłuchania przed amerykańską komisją Maddena w latach 1951-1952. |
| numer części/sekcji pracy |
T. 3 / |
| dod. inf. ze s. tyt./ozn. odpow. |
wstęp, wybór i opracowanie Witold Wasilewski ; przełożył Wacław Jan Popowski ; Instytut Pamięci Narodowej. Komisja Ścigania Zbrodni przeciwko Narodowi Polskiemu. |
| 246 30 - Inne formy tytułu, wariant tytułu |
| tytuł |
Przesłuchania przed amerykańską komisją Maddena w latach 1951-1952. |
| numer części/sekcji pracy |
T. 3 |
| 260 ## - Adres wydawniczy |
| miejsce wydania, dystrybucji itp. |
Warszawa : |
| nazwa wydawcy, dystrybutora itp. |
Instytut Pamięci Narodowej. Komisja Ścigania Zbrodni przeciwko Narodowi Polskiemu, |
| data wydania, dystrybucji itp. |
2020. |
| 300 ## - Opis fizyczny |
| objętość i/lub forma materiału |
815 stron : |
| inne szczegóły opisu fizycznego |
ilustracje ; |
| format |
25 cm. |
| 336 ## - Content Type |
| Term |
Tekst |
| Code |
txt |
| Source |
rdacontent |
| 337 ## - Media Type |
| Term |
Bez urządzenia pośredniczącego |
| Code |
n |
| Source |
rdamedia |
| 338 ## - Carrier Type |
| Term |
Wolumin |
| Code |
nc |
| Source |
rdacarrier |
| 380 ## - Form of work |
| Form of work |
Książki |
| 380 ## - Form of work |
| Form of work |
Publikacje naukowe |
| 388 1# - TIME PERIOD OF CREATION |
| Time period of creation term |
2001- |
| 504 ## - Uwaga o bibliografii |
| uwaga o bibliografii |
Indeks osób. Indeks geograficzny do tomów I-III. |
| 600 17 - Hasło przedmiotowe-nazwa osobowa |
| nazwa osobowa |
Madden, Ray J. |
| daty biograficzne |
(1892-1987) |
| źródło hasła |
DBN |
| 9 (RLIN) |
40807 |
| 600 17 - Hasło przedmiotowe-nazwa osobowa |
| nazwa osobowa |
Madden, Ray John |
| daty biograficzne |
(1892-1987). |
| źródło hasła |
kaba |
| 9 (RLIN) |
40808 |
| 610 27 - Hasło przedmiotowe-nazwa ciała zbior. |
| nazwa ciała zbior. lub geogr. |
Kongres Stanów Zjednoczonych |
| źródło hasła |
DBN |
| 9 (RLIN) |
40809 |
| 610 17 - Hasło przedmiotowe-nazwa ciała zbior. |
| nazwa ciała zbior. lub geogr. |
Stany Zjednoczone. |
| nazwa jednostki podrzędnej |
Congress. |
| -- |
House. |
| -- |
Select Committee on the Katyn Forest Massacre. |
| źródło hasła |
kaba |
| 9 (RLIN) |
40810 |
| 648 #7 - SUBJECT ADDED ENTRY--CHRONOLOGICAL TERM |
| Chronological term |
1901-2000 |
| Source of heading or term |
DBN |
| 9 (RLIN) |
34996 |
| 648 #7 - SUBJECT ADDED ENTRY--CHRONOLOGICAL TERM |
| Chronological term |
1939-1945 |
| Source of heading or term |
DBN |
| 9 (RLIN) |
36042 |
| 648 #7 - SUBJECT ADDED ENTRY--CHRONOLOGICAL TERM |
| Chronological term |
1945-1989 |
| Source of heading or term |
DBN |
| 9 (RLIN) |
36043 |
| 650 #7 - Hasło przedmiotowe-nazwa pospolita |
| nazwa pospolita lub geogr. |
Egzekucja polskich oficerów w Katyniu (1940) |
| źródło hasła |
DBN |
| 9 (RLIN) |
40811 |
| 650 #7 - Hasło przedmiotowe-nazwa pospolita |
| nazwa pospolita lub geogr. |
Parlamentarna komisja śledcza |
| źródło hasła |
DBN |
| 9 (RLIN) |
40812 |
| 650 #7 - Hasło przedmiotowe-nazwa pospolita |
| nazwa pospolita lub geogr. |
Przesłuchanie świadka |
| źródło hasła |
DBN |
| 9 (RLIN) |
40813 |
| 650 #7 - Hasło przedmiotowe-nazwa pospolita |
| nazwa pospolita lub geogr. |
Śledztwo i dochodzenie |
| źródło hasła |
DBN |
| 9 (RLIN) |
40784 |
| 650 #7 - Hasło przedmiotowe-nazwa pospolita |
| nazwa pospolita lub geogr. |
Sprawa katyńska |
| źródło hasła |
DBN |
| 9 (RLIN) |
40759 |
| 650 #7 - Hasło przedmiotowe-nazwa pospolita |
| nazwa pospolita lub geogr. |
Zbrodnia katyńska (1940) |
| źródło hasła |
DBN |
| 9 (RLIN) |
40760 |
| 650 #7 - Hasło przedmiotowe-nazwa pospolita |
| nazwa pospolita lub geogr. |
Katyń, Zbrodnia (1940) |
| określnik rzeczowy |
źródła. |
| źródło hasła |
kaba |
| 9 (RLIN) |
40814 |
| 650 #7 - Hasło przedmiotowe-nazwa pospolita |
| nazwa pospolita lub geogr. |
Przesłuchanie świadków |
| określnik geograficzny |
Stany Zjednoczone |
| określnik chronologiczny |
1945-1970 |
| określnik formy |
źródła. |
| źródło hasła |
kaba |
| 9 (RLIN) |
40815 |
| 651 #7 - Hasło przedmiotowe-nazwa geogr. |
| nazwa geograficzna |
Stany Zjednoczone (USA) |
| źródło hasła |
DBN |
| 9 (RLIN) |
35652 |
| 655 #7 - Termin określający rodzaj/formę |
| rodzaj/forma |
Wydawnictwo źródłowe |
| źródło terminu |
DBN |
| 9 (RLIN) |
35066 |
| 658 ## - Nazwa określająca cel programu nauczania |
| główny cel programu nauczania |
Historia |
| 700 1# - Hasło dodatkowe - nazwa osobowa |
| nazwa osobowa |
Popowski, Wacław Jan. |
| rodzaj współpracy |
Tłumaczenie |
| 9 (RLIN) |
40805 |
| 700 1# - Hasło dodatkowe - nazwa osobowa |
| nazwa osobowa |
Wasilewski, Witold |
| daty biograficzne |
(1972- ). |
| rodzaj współpracy |
Wstęp |
| -- |
Redakcja |
| 9 (RLIN) |
40806 |
| 710 2# - Hasło dodatkowe - nazwa ciała zbior. |
| nazwa ciała zbior. lub nazwa geogr. |
Instytut Pamięci Narodowej - Komisja Ścigania Zbrodni przeciwko Narodowi Polskiemu. |
| rodzaj współpracy |
Instytucja sprawcza |
| -- |
Wydawca |
| kod rodzaju współpracy |
pbl |
| 9 (RLIN) |
11792 |
| 920 ## - ISBN |
| ISBN |
978-83-8098-829-3 (oprawa twarda) : zł 50,00 |
| 942 ## - ADDED ENTRY ELEMENTS (KOHA) |
| Source of classification or shelving scheme |
Dewey Decimal Classification |
| Koha item type |
pozycje dostępne na miejscu |